000
nam a22 7a 4500
999
_c
232535
_d
232535
003
ASAB
005
20170220155247.0
008
170220b xxu||||| |||| 00| 0 eng d
040
_c
ASAB
082
_a
576.5 SHU
245
_a
Genetic Technology
_c
R.N. Shukla
942
_2
ddc
_c
BK